000 00615nab a2200181 4500
001 244442
003 OSt
005 20241118093010.0
007 tu
008 200917s2020|||||||
040 _aDE-2950
_cDE-2950
245 0 0 _aAus für "Omnibus Süd"
_bFreizeit. Der "Omnibus Süd" der "Flexiblen Jugendarbeit" in Frankfurt (Oder) hat lange Kinder und Jugendliche begeistert. Nun heißt es Abschied nehmen/
_cSelim Pekel
264 _c2024
653 _aFrankfurt (Oder)
653 _a"Omnibus Süd"
773 0 _g35. Jahrgang (2024) Nr. 256 vom 02.11.2024, S. 15 mit Foto
_tMärkische Oderzeitung
942 _2z
_cA
999 _c373446
_d373446